[Event "Vila Real-ch"]
[Site "Vila Real"]
[Date "2016.11.06"]
[Round "5.2"]
[White "Roig Sales, Carlos"]
[Black "Aymerich Rosell, Pablo"]
[Result "0-1"]
[WhiteElo "1721"]
[BlackElo "2148"]
[PlyCount "74"]
[EventDate "2016.10.01"]
[EventType "swiss"]
[EventRounds "7"]
[EventCountry "RUF"]
[SourceTitle "EXT 2024"]
[Source "ChessBase"]
[SourceDate "2023.10.10"]
[SourceVersion "1"]
[SourceVersionDate "2023.10.10"]
[SourceQuality "1"]

1. d4 f5 2. Nf3 Nf6 3. c4 g6 4. Nc3 Bg7 5. g3 0-0 6. Bg2 d6 7. 0-0 c6 8. b3 Qc7 9. Bb2 e5 10. d5 c5 11. e4 h6 12. Nh4 Qf7 13. Qe2 Na6 14. f4 exf4 15. exf5 g5 16. Nf3 g4 17. Nh4 f3 18. Bxf3 gxf3 19. Qxf3 Nb4 20. Ne2 Qh5 21. Nf4 Qxf3 22. Rxf3 Ng4 23. Bxg7 Kxg7 24. Re1 Ne5 25. Rff1 Nc2 26. Re4 Nd4 27. Ne6+ Bxe6 28. fxe6 Rxf1+ 29. Kxf1 Rf8+ 30. Kg2 b5 31. cxb5 Nxb5 32. e7 Re8 33. Nf5+ Kf6 34. Rf4 Ng6 35. Rf1 Ke5 36. Ng7 Rxe7 37. Rf5+ Ke4 0-1

[Event "Vila Real-ch"]
[Site "Vila Real"]
[Date "2016.10.29"]
[Round "4.2"]
[White "Jordan Martinez, David"]
[Black "Roig Sales, Carlos"]
[Result "1/2-1/2"]
[WhiteElo "2174"]
[BlackElo "1721"]
[PlyCount "122"]
[EventDate "2016.10.01"]
[EventType "swiss"]
[EventRounds "7"]
[EventCountry "RUF"]
[SourceTitle "EXT 2024"]
[Source "ChessBase"]
[SourceDate "2023.10.10"]
[SourceVersion "1"]
[SourceVersionDate "2023.10.10"]
[SourceQuality "1"]

1. e4 c6 2. d4 d5 3. exd5 cxd5 4. c4 Nc6 5. Nc3 Nf6 6. Bg5 dxc4 7. d5 Ne5 8. Qd4 Nd3+ 9. Bxd3 cxd3 10. Nf3 e6 11. 0-0 Be7 12. Rad1 0-0 13. Rxd3 Nxd5 14. Bxe7 Qxe7 15. Nxd5 exd5 16. Re1 Be6 17. Qe5 Rad8 18. Nd4 Rfe8 19. Ree3 Qd6 20. Qg5 h6 21. Qh4 Bd7 22. a3 Qf8 23. f3 Rxe3 24. Rxe3 Re8 25. Qe1 Rxe3 26. Qxe3 Qd6 27. g3 Qg6 28. Kg2 Qb6 29. Qd2 Bc6 30. Nf5 Qd8 31. Qd4 Qg5 32. g4 Kh7 33. Qxa7 Qd2+ 34. Qf2 Qf4 35. Qd4 Qg5 36. Kg3 Qg6 37. Ne3 Qd6+ 38. Kg2 Qg6 39. Kf2 Qd6 40. Kg2 Qg6 41. h3 Qe6 42. Qd3+ g6 43. Nc2 Qe5 44. Nd4 Kg8 45. Qd2 Bd7 46. Qc3 h5 47. Qd2 hxg4 48. hxg4 f5 49. gxf5 Bxf5 50. b4 Bd7 51. Ne2 Qf5 52. Qd4 Qh3+ 53. Kf2 Qh2+ 54. Ke3 Kh7 55. Nf4 Be6 56. Qf6 Bf7 57. Kd4 Qh1 58. Qd8 Kg7 59. Qg5 Qa1+ 60. Ke3 Qxa3+ 61. Kf2 Qb2+ 1/2-1/2

[Event "Castellon Region-ch"]
[Site "Vila Real"]
[Date "2015.11.07"]
[Round "5.9"]
[White "Roig Sales, Carlos"]
[Black "Ventura Monfort, Javier"]
[Result "1-0"]
[WhiteElo "1518"]
[BlackElo "1734"]
[PlyCount "63"]
[EventDate "2015.10.03"]
[EventType "swiss"]
[EventRounds "7"]
[EventCountry "ESP"]
[SourceTitle "EXT 2024"]
[Source "ChessBase"]
[SourceDate "2023.10.10"]
[SourceVersion "1"]
[SourceVersionDate "2023.10.10"]
[SourceQuality "1"]

1. e4 c5 2. Nf3 d6 3. d4 cxd4 4. Nxd4 Nf6 5. Nc3 e6 6. Bc4 Be7 7. 0-0 0-0 8. Bb3 Na6 9. Re1 Nc5 10. Bg5 a6 11. f4 Nxb3 12. axb3 Re8 13. Nf3 b5 14. e5 Qb6+ 15. Kh1 Ng4 16. Qd4 Qxd4 17. Nxd4 Bxg5 18. fxg5 b4 19. Na2 dxe5 20. Nc6 Bb7 21. Naxb4 Rac8 22. Na5 Ba8 23. Nc4 Nf2+ 24. Kg1 Rxc4 25. bxc4 Ne4 26. Rxa6 Nxg5 27. Rxe5 Ne4 28. Rxa8 Rxa8 29. Rxe4 Kf8 30. c5 Ke7 31. Rd4 Rc8 32. c6 1-0

[Event "Castellon Region-ch"]
[Site "Vila Real"]
[Date "2015.10.31"]
[Round "4"]
[White "Corella Martin, Eduardo"]
[Black "Roig Sales, Carlos"]
[Result "1-0"]
[WhiteElo "1716"]
[BlackElo "1518"]
[PlyCount "107"]
[EventDate "2015.10.03"]
[EventType "swiss"]
[EventRounds "7"]
[EventCountry "ESP"]
[SourceTitle "EXT 2024"]
[Source "ChessBase"]
[SourceDate "2023.10.10"]
[SourceVersion "1"]
[SourceVersionDate "2023.10.10"]
[SourceQuality "1"]

1. d4 c5 2. e3 Nf6 3. Nf3 d5 4. c4 e6 5. Nc3 Nc6 6. cxd5 exd5 7. Bb5 cxd4 8. Nxd4 Bd7 9. 0-0 Nxd4 10. Bxd7+ Qxd7 11. Qxd4 b6 12. Rd1 Rd8 13. Qe5+ Qe6 14. Qc7 Bd6 15. Qxa7 Qe5 16. Qa4+ Ke7 17. f4 Qh5 18. Qb5 Bc5 19. Qe2 Qh6 20. Kh1 Rhe8 21. Qf3 Kf8 22. Nxd5 Nxd5 23. Rxd5 Rxd5 24. Qxd5 Bxe3 25. Bxe3 Rxe3 26. Rf1 Qf6 27. Qa8+ Re8 28. Qa3+ Kg8 29. g3 Qc6+ 30. Qf3 Qc2 31. Rf2 Qb1+ 32. Kg2 Qxa2 33. f5 f6 34. Qc6 Rb8 35. Re2 Qa8 36. Qxa8 Rxa8 37. Re6 Rb8 38. Kf3 Kf7 39. Ke4 g6 40. g4 h5 41. gxh5 gxh5 42. b4 Re8 43. Rxe8 Kxe8 44. Kd5 Kd7 45. h4 Ke7 46. Kc6 b5 47. Kxb5 Kd6 48. Ka6 Ke5 49. b5 Kxf5 50. b6 Kg4 51. b7 Kxh4 52. b8Q f5 53. Qf4+ Kh3 54. Qxf5+ 1-0

[Event "Castellon Region-ch"]
[Site "Vila Real"]
[Date "2015.10.17"]
[Round "3"]
[White "Gargallo Catalan, Oscar"]
[Black "Roig Sales, Carlos"]
[Result "0-1"]
[WhiteElo "1462"]
[BlackElo "1518"]
[PlyCount "104"]
[EventDate "2015.10.03"]
[EventType "swiss"]
[EventRounds "7"]
[EventCountry "ESP"]
[SourceTitle "EXT 2024"]
[Source "ChessBase"]
[SourceDate "2023.10.10"]
[SourceVersion "1"]
[SourceVersionDate "2023.10.10"]
[SourceQuality "1"]

1. Nf3 Nf6 2. d4 e6 3. g3 b6 4. Bg2 Bb7 5. 0-0 Be7 6. c4 d6 7. Nc3 Nbd7 8. d5 e5 9. b4 a5 10. bxa5 Rxa5 11. Bd2 Ra8 12. Qc2 0-0 13. a4 Nc5 14. Be3 Nfd7 15. Ne4 Nxe4 16. Qxe4 f5 17. Qc2 e4 18. Nd2 Bf6 19. Ra2 Re8 20. Bh3 g6 21. g4 Be5 22. f4 exf3 23. Nxf3 fxg4 24. Bxg4 Nf6 25. Be6+ Kg7 26. Nxe5 dxe5 27. Bg5 Rxe6 28. dxe6 Qd4+ 29. e3 Qg4+ 30. Kf2 Qxg5 31. Ke2 Qg4+ 32. Ke1 Be4 33. Qe2 Qxe6 34. Rg1 Rd8 35. a5 Bd3 36. Qd2 Ne4 37. Qb4 Qf6 38. Rb2 Qh4+ 39. Kd1 Bxc4+ 40. Kc1 Bd3 41. axb6 cxb6 42. Rd2 Rc8+ 43. Kb2 Qd8 44. Rgd1 Nxd2 45. Qxd2 e4 46. Qf2 Qf6+ 47. Qxf6+ Kxf6 48. Ka3 Rc2 49. h4 Rh2 50. Rc1 b5 51. Rc6+ Kf5 52. Rc5+ Kg4 0-1

[Event "Castellon Region-ch"]
[Site "Vila Real"]
[Date "2015.10.03"]
[Round "1"]
[White "Jordan Martinez, David"]
[Black "Roig Sales, Carlos"]
[Result "1-0"]
[WhiteElo "2118"]
[BlackElo "1518"]
[PlyCount "124"]
[EventDate "2015.10.03"]
[EventType "swiss"]
[EventRounds "7"]
[EventCountry "ESP"]
[SourceTitle "EXT 2024"]
[Source "ChessBase"]
[SourceDate "2023.10.10"]
[SourceVersion "1"]
[SourceVersionDate "2023.10.10"]
[SourceQuality "1"]

1. d4 Nf6 2. c4 e6 3. g3 Bb4+ 4. Nc3 c5 5. Nf3 d6 6. Bg2 Bxc3+ 7. bxc3 Nc6 8. 0-0 0-0 9. Bf4 Re8 10. Rb1 cxd4 11. cxd4 d5 12. c5 Ne4 13. Qd3 h6 14. Nd2 g5 15. Be3 f5 16. Nxe4 dxe4 17. Qd2 Qf6 18. f3 exf3 19. Bxf3 Rd8 20. Rbd1 Ne7 21. Bf2 Ng6 22. Bg2 Rb8 23. e4 Ne7 24. d5 exd5 25. exd5 Bd7 26. Bd4 Qf7 27. Ba1 Ng6 28. Qc3 Re8 29. Qa3 a6 30. Rf2 f4 31. Qc3 Re3 32. Qxe3 fxe3 33. Rxf7 Kxf7 34. Re1 Re8 35. Bd4 e2 36. c6 bxc6 37. dxc6 Bf5 38. Kf2 Bd3 39. c7 Ne7 40. Bf3 Ke6 41. Bxe2 Bxe2 42. Rxe2+ Kd7 43. Bf6 Nc8 44. Rxe8 Kxe8 45. Kf3 Kd7 46. Kg4 Kxc7 47. Bg7 Kd7 48. Bxh6 Ke6 49. Bxg5 Kf7 50. h4 Nd6 51. Bc1 Ne4 52. Bb2 Nf2+ 53. Kf5 Nd3 54. Be5 Nb4 55. a4 Nd5 56. g4 Ne3+ 57. Kg5 Nc4 58. Bd4 Nd6 59. h5 Ne4+ 60. Kf4 Nd6 61. g5 Kg8 62. g6 Ne8 1-0